Harry Styles songs - Statistics

General Stats
  • This quiz has been taken 908 times
    750 since last reset
  • The average score is 26 of 35
Answer Stats
Hint Answer % Correct
11 Watermelon Sugar
93%
23 As it was
88%
1 Sign of the times
88%
29 Matilda
87%
22 Fine line
84%
7 Kiwi
84%
13 Adore you
82%
24 Music for a sushi restaurant
81%
12 Golden
80%
35 Love of my life
79%
15 Cherry
78%
30 Cinema
75%
25 Late night talking
75%
33 Satellite
75%
34 Boyfriends
74%
27 Daylight
73%
17 Falling
73%
28 Little freak
72%
20 She
72%
26 Grapejuice
70%
14 Sunflower
69%
18 Treat people with kindness
69%
31 Daydreaming
68%
3 Carolina
67%
32 Keep driving
67%
2 Meet me in the hallway
66%
5 Sweet creature
66%
4 Two ghosts
66%
21 Canyon moon
64%
16 Lights up
64%
8 Ever since New-York
63%
9 Woman
63%
10 From the dining table
60%
6 Only angel
60%
19 To be so lonely
56%
No matching quizzes found
Score Distribution
Percent of People with Each Score
Percentile by Number Answered
Your Score History
You have not taken this quiz since the last reset